000
00219nam a22000857a 4500
008
161022b xxu||||| |||| 00| 0 eng d
100
_9
936
_a
Garg.P.K.
245
_a
Mathematics-XI
260
_a
New Delhi
_b
ABD. Publications
_c
2011
999
_c
3590
_d
3590